Study and design of Air to Air refuelling option of K-8P aircraft (Record no. 322932)
[ view plain ]
| 000 -LEADER | |
|---|---|
| fixed length control field | 00370 a2200133 4500 |
| 001 - CONTROL NUMBER | |
| control field | 87859 |
| 082 ## - DEWEY DECIMAL CLASSIFICATION NUMBER | |
| Classification number | PR 235 |
| 090 ## - LOCALLY ASSIGNED LC-TYPE CALL NUMBER (OCLC); LOCAL CALL NUMBER (RLIN) | |
| -- | 41321 |
| -- | 41321 |
| 100 ## - MAIN ENTRY--PERSONAL NAME | |
| Personal name | Muhammad Awais, Plt Off |
| 245 ## - TITLE STATEMENT | |
| Title | Study and design of Air to Air refuelling option of K-8P aircraft |
| 260 ## - PUBLICATION, DISTRIBUTION, ETC. | |
| Place of publication, distribution, etc. | Risalpur |
| Name of publisher, distributor, etc. | NUST Risalpur |
| Date of publication, distribution, etc. | 2008 |
| 300 ## - PHYSICAL DESCRIPTION | |
| Extent | xvi, 76p. |
| Accompanying material | Sadiq Amin |
| 500 ## - GENERAL NOTE | |
| General note | BE Project Reports |
| 942 ## - ADDED ENTRY ELEMENTS (KOHA) | |
| Institution code [OBSOLETE] | CAE NUST |
| Call number prefix | PR 235 |
| Withdrawn status | Lost status | Damaged status | Not for loan | Collection code | Permanent Location | Current Location | Date acquired | Total Checkouts | Full call number | Barcode | Date last seen | Price effective from | Koha item type |
|---|---|---|---|---|---|---|---|---|---|---|---|---|---|
| College of Aeronautical Engineering (CAE) | College of Aeronautical Engineering (CAE) | 04/03/2017 | PR 235 | CAEPR-235 | 04/05/2017 | 04/05/2017 | Book |
